[Event "AUT-ch Open 2020"]
[Site "Graz"]
[Date "2020.02.18"]
[Round "5.16"]
[White "Schwabeneder, Florian"]
[Black "Stukan, Martin"]
[Result "1-0"]
[WhiteElo "2412"]
[BlackElo "2292"]
[Annotator "ChessBase"]
[PlyCount "91"]
[EventDate "2020.02.14"]
[EventType "swiss"]
[EventCountry "AUT"]
[SourceTitle "playchess.com"]
[Source "ChessBase"]
[SourceQuality "1"]
[TimeControl "40/5400+30:1800+30"]

1. Nf3 {[%emt 0:00:00]} Nf6 {[%emt 0:00:00]} 2. b3 {[%emt 0:01:22]} g6 {[%emt 0:00:13]} 3. Bb2 {[%emt 0:00:37]} Bg7 {[%emt 0:00:02]} 4. g3 {[%emt 0:00:57]} c5 {[%emt 0:00:51]} 5. Bg2 {[%emt 0:01:56]} d6 {[%emt 0:03:32]} 6. c4 {[%emt 0:01:28]} e5 {[%emt 0:00:37]} 7. d3 {[%emt 0:05:20]} O-O {[%emt 0:00:50]} 8. O-O {[%emt 0:00:08]} Nc6 {[%emt 0:00:02]} 9. Nc3 {[%emt 0:00:21]} h6 {[%emt 0:03:01]} 10. Nd2 {[%emt 0:01:10]} Be6 {[%emt 0:00:13]} 11. a3 {[%emt 0:20:56]} Qd7 {[%emt 0:23:24]} 12. Nd5 {[%emt 0:03:39]} Bxd5 {[%emt 0:09:44]} 13. cxd5 {[%emt 0:00:17]} Ne7 {[%emt 0:00:02]} 14. e4 {[%emt 0:00:34]} h5 {[%emt 0:00:31]} 15. a4 {[%emt 0:13:48]} Ng4 {[%emt 0:12:47]} 16. h3 {[%emt 0:09:06]} Nh6 {[%emt 0:02:48]} 17. f4 {[%emt 0:03:02]} exf4 18. Bxg7 {[%emt 0:01:00]} Kxg7 {[%emt 0:05:42]} 19. gxf4 {[%emt 0:00:16]} f6 {[%emt 0:00:34]} 20. Nc4 {[%emt 0:04:52]} Nf7 {[%emt 0:00:11]} 21. Qf3 {[%emt 0:02:47]} Rab8 {[%emt 0:18:21]} 22. h4 {[%emt 0:10:04]} Nh6 {[%emt 0:07:41]} 23. Bh3 {[%emt 0:11:21]} f5 {[%emt 0:00:38]} 24. e5 {[%emt 0:03:24]} dxe5 {[%emt 0:02:05]} 25. d6 {[%emt 0:00:01]} Nc6 {[%emt 0:01:46]} 26. fxe5 {[%emt 0:00:03]} Qe6 {[%emt 0:02:13]} 27. Rae1 {[%emt 0:01:36]} Nd4 {[%emt 0:00:33]} 28. Qf4 {[%emt 0:02:05]} Ng4 {[%emt 0:01:14]} 29. b4 {[%emt 0:01:06]} Nc2 {[%emt 0:01:09]} 30. bxc5 {[%emt 0:00:07]} Nxe1 {[%emt 0:00:44]} 31. Rxe1 {[%emt 0:00:02]} Rbc8 {[%emt 0:00:16]} 32. Qd4 {[%emt 0:02:00]} f4 {[%emt 0:00:31]} 33. Re4 {[%emt 0:00:19]} f3 {[%emt 0:02:26]} 34. Rxg4 {[%emt 0:00:13]} f2+ {[%emt 0:01:40]} 35. Kf1 {[%emt 0:00:07]} hxg4 {[%emt 0:00:30]} 36. Bxg4 {[%emt 0:00:02]} Rf5 {[%emt 0:00:06]} 37. Ne3 {[%emt 0:01:27]} Rcf8 {[%emt 0:00:36]} 38. Bxf5 {[%emt 0:00:50]} gxf5 {[%emt 0:00:05]} 39. Qf4 {[%emt 0:00:23]} Kf7 {[%emt 0:00:41]} 40. d4 {[%emt 0:00:32]} Qa2 {[%emt 0:01:01]} 41. d5 {[%emt 0:07:06]} Qd2 {[%emt 0:06:51]} 42. e6+ {[%emt 0:06:14]} Kg6 {[%emt 0:00:04]} 43. Qxf2 {[%emt 0:01:14]} Qd3+ {[%emt 0:14:03]} 44. Qe2 {[%emt 0:03:03]} Qb1+ {[%emt 0:00:03]} 45. Kf2 {[%emt 0:00:21]} Qe4 {[%emt 0:02:45]} 46. Qc4 {[%emt 0:01:10]} 1-0

[Event "AUT-ch Open 2020"]
[Site "Graz"]
[Date "2020.02.18"]
[Round "5.16"]
[White "Nisavic, Uros"]
[Black "Welling, Gerard"]
[Result "0-1"]
[WhiteElo "2020"]
[BlackElo "2286"]
[Annotator "TA"]
[PlyCount "48"]
[EventDate "2020.02.14"]
[EventType "swiss"]
[EventCountry "AUT"]
[SourceTitle "playchess.com"]
[Source "ChessBase"]
[SourceQuality "1"]

{[%evp 11,47,-26,-29,-33,-40,-35,-32,-50,-54,-40,-25,-20,-21,-20,-24,-27,-14,-29,-20,-33,-13,-114,-63,-51,-31,-56,-28,-66,0,0,0,10,100,47,42,-428,-432,-29999]} 1. d4 g6 2. c4 Bg7 3. e4 d6 4. Nc3 e5 5. Be3 exd4 6. Bxd4 Nf6 $1 7. Nf3 {A42: Modern Defence: Averbakh Variation.} O-O 8. Bd3 Nc6 9. Be3 {Black is slightly better.} Ng4 10. Bg5 {[#]} f6 $146 ({Predecessor:} 10... Bxc3+ 11. bxc3 f6 12. Bc1 Nge5 13. Nd4 Nxd3+ 14. Qxd3 Ne5 15. Qe2 Qe7 16. Ba3 Be6 {0-1 (22) Kniest,O (2220)-Werner,C (2350) Regensburg 1997}) 11. Bh4 Nge5 12. O-O Be6 13. Nd5 Nxd3 14. Qxd3 Ne5 15. Qe2 Bg4 16. Ne3 {[#]} (16. Rad1 $11) 16... Nxf3+ (16... Bh5 $1 $17 17. Rad1 Re8) 17. gxf3 $15 Bh3 18. Rfd1 g5 19. Bg3 h5 (19... b6 $15) 20. f4 $1 $11 h4 {[#]} 21. Bxh4 $1 {[%mdl 512]} gxf4 (21... gxh4 $11 22. f5 Bh6) 22. Nf5 ({White should play} 22. Nd5 $16 {Black must now prevent Kh1.} Qd7 23. f3 (23. Nxf4 Bh6 $14)) 22... Qe8 $14 {Hoping for ...Bxf5.} 23. Nxg7 $2 {[%mdl 8192]} (23. Qf3 $14 {was forced to keep a grip.} Bxf5 24. exf5) 23... Qg6+ $19 {[%mdl 64] Double Attack} ({Stronger than} 23... Kxg7 24. Qf3 $15) 24. Kh1 (24. Bg3 $19 fxg3 25. fxg3 Kxg7 26. Rd5) 24... Qg2# {Accuracy: White = 56%, Black = 73%.} 0-1

[Event "AUT-ch Open 2020"]
[Site "Graz"]
[Date "2020.02.18"]
[Round "5.17"]
[White "Frank, Emanuel"]
[Black "Farkas, Otto Jr."]
[Result "1-0"]
[WhiteElo "2286"]
[BlackElo "1980"]
[Annotator "TA"]
[PlyCount "97"]
[EventDate "2020.02.14"]
[EventType "swiss"]
[EventCountry "AUT"]
[SourceTitle "playchess.com"]
[Source "ChessBase"]
[SourceQuality "1"]

{[%evp 13,97,12,3,-6,25,8,15,8,22,0,0,0,0,-20,12,-15,-8,-93,-63,-110,-7,-80,-72,-76,-5,-27,-12,-32,-35,-19,-35,-85,-85,-84,-84,-66,-60,-79,-68,-169,-103,-108,-58,-67,-53,-52,-54,-61,-50,-59,0,0,0,-27,0,0,0,0,0,0,889,813,636,0,0,0,349,349,309,330,330,-256,-237,-214,343,337,336,386,336,392,380,377,1866,1627,29986,29987]} 1. d4 d5 2. c4 dxc4 3. e3 Nf6 4. Bxc4 a6 5. Nf3 e6 6. O-O b5 7. Bb3 Bb7 8. a4 {D26: Queen's Gambit Accepted: 4 e3 e6 5 Bxc5 c5 sidelines.} b4 9. a5 Nbd7 10. Nbd2 {The position is equal.} c5 11. Ba4 Be7 $1 12. dxc5 Bxc5 13. Ne5 {aiming for Nb3.} Qc7 (13... O-O $5 {[%cal Rd7e5]} 14. Nxd7 Nxd7 $11) 14. Ndc4 Rd8 $1 15. Bd2 (15. Nxd7 $11 {keeps the balance.} Nxd7 16. b3) 15... O-O $17 16. Nd3 {[#]} Ne4 $146 (16... Be4 $17 17. Nxb4 Qb7) ({Predecessor:} 16... Be4 17. Nf4 Ne5 18. Rc1 Nxc4 19. Rxc4 Qxa5 20. Bc2 Bxc2 21. Qxc2 Bd6 22. h3 Qb5 {0-1 (50) Kiriakov,P (2571)-Thorfinnsson,B (2328) Saint Vincent 2005}) 17. Be1 (17. Rc1 $11) 17... Be7 18. Qc2 Rc8 ({Black should play} 18... Ndc5 $17 19. Nxc5 Qxc5) 19. Rc1 Nec5 20. Nxc5 (20. Bxd7 $5 Nxd7 21. Bxb4 Bxb4 22. Nxb4 $11) 20... Nxc5 21. Nb6 $1 {[%cal Rb6c8]} Be4 22. Qe2 Bd3 23. Qg4 Bxf1 24. Nxc8 Rxc8 25. Kxf1 Qxh2 26. f4 ({Better is} 26. Ke2 $15) 26... Rb8 ({Black should try} 26... Rd8 $1 $19 27. Bc2 b3) 27. Bc2 b3 28. Bb1 $1 f5 29. Qf3 Rd8 30. Ke2 Qh6 31. Bc3 Na4 (31... Qg6 $1 $15) 32. Bd4 $11 Bf6 33. Bb6 Nxb6 ({But not} 33... Nxb2 $2 34. Bxd8 Bxd8 35. Rc8 $1 $18 {[%mdl 512]}) 34. axb6 {b7 is the strong threat.} Bxb2 35. Rc7 Qh1 36. Bd3 e5 $2 {[%mdl 8192]} (36... Bf6 $11 37. b7 b2) 37. Bc4+ $18 Kh8 {[#]} 38. Rd7 $2 (38. Qd5 $1 $18 {[%cal Rd5d8][%mdl 512]} Qh5+ (38... Rxd5 39. Rc8+) 39. Kf2 $1 {[%mdl 512]} Qh4+ 40. g3 Qh2+ 41. Qg2) 38... Rf8 $11 {Strongly threatening ...Bc3.} 39. b7 $40 {[%mdl 128] White attacks.} e4 $2 {[%mdl 8192]} (39... Qc1 $11 {and Black stays safe.} 40. Qd5 exf4) 40. Qf1 $1 $18 {[%cal Rf1h1]} Qh5+ 41. Kf2 Bf6 42. Qe2 $4 {[%mdl 8192] [#]} (42. Kg1 $18 {and all is fine.} Qe8 43. Qd1) 42... Qh2 $1 $19 {( -> ...Bh4+)} 43. Qf1 Qh5 $4 {[%mdl 8192]} (43... b2 $19 {and life is good for Black. White must now prevent ...Bh4+.} 44. Bxa6 Qh4+ 45. Kg1 Qg3) 44. Kg1 $18 Qe8 45. Qd1 b2 {[#] And now ...Qxd7! would win.} 46. Ba2 $1 Qb8 47. Qd6 {Threatens to win with Qxb8.} Qxd6 $2 (47... h6 48. Qxa6 Kh7) 48. Rxd6 Rb8 {[#]} 49. Rc6 $1 {Accuracy: White = 75%, Black = 56%.} 1-0

[Event "AUT-ch Open 2020"]
[Site "Graz"]
[Date "2020.02.18"]
[Round "5.17"]
[White "Ninov, Dayan"]
[Black "Ioannidis, Evgenios"]
[Result "1/2-1/2"]
[WhiteElo "2242"]
[BlackElo "2399"]
[Annotator "TA"]
[PlyCount "138"]
[EventDate "2020.02.14"]
[EventType "swiss"]
[EventCountry "AUT"]
[SourceTitle "playchess.com"]
[Source "ChessBase"]
[SourceQuality "1"]

{[%evp 20,138,4,0,7,0,-5,-5,0,-10,43,59,39,-12,-12,-12,-12,-15,-16,-17,-17,-18,-23,-22,-27,-27,-19,-29,-21,-23,-18,-81,-81,-81,-81,-81,-81,-81,-81,-81,-81,-81,-81,-81,-81,-81,-81,-81,-81,-81,-81,-81,-72,-72,-72,-72,-47,-47,-47,-72,-72,-72,-47,-47,-47,-47,-47,-47,-47,-47,-47,-47,-38,-38,-38,-38,-8,-22,-8,-38,-38,-47,-47,-47,-27,-27,-8,-38,-38,-40,-27,-47,-47,-47,-22,-31,-25,-47,-31,-47,-47,-47,-27,-47,-31,-31,-27,-47,-47,-47,0,-31,-31,-31,-27,-27,-18,-44,-44,-36,0]} 1. e4 c5 2. c3 d5 3. exd5 Qxd5 4. d4 g6 5. Nf3 Bg7 6. Be3 Nf6 7. Be2 cxd4 8. cxd4 O-O 9. O-O Nc6 10. Nc3 Qa5 11. a3 Nd5 {B06: Modern Defence.} 12. Nxd5 Qxd5 13. Rc1 Rd8 {[#] The position is equal.} 14. Ng5 $146 {[#] Threatens to win with Bc4.} ({Predecessor:} 14. Bc4 Qd6 15. Qb3 e6 16. Bg5 Rf8 17. Bd2 Nxd4 18. Nxd4 Qxd4 19. Bc3 Qf4 20. Rfd1 Bxc3 21. Qxc3 {½-½ (57) Nguyen,T (2548)-Yurovskich,O (2263) Riga 2018}) 14... Qa5 (14... Qd6 $11) 15. Bc4 $14 e6 {[%cal Rc6d4]} 16. Qf3 ({Better is} 16. b4 $14 Qf5 17. Nf3) 16... Qf5 $11 17. Qxf5 gxf5 18. Nf3 Nxd4 19. Nxd4 Bxd4 20. Bxd4 Rxd4 21. Rfd1 Rxd1+ 22. Rxd1 {[%mdl 4096] Endgame KRB-KRB} b6 23. Rd8+ Kg7 24. f4 Kg6 25. Rg8+ (25. b4 $11) 25... Kf6 $17 26. g3 Bb7 27. Rxa8 Bxa8 {KB-KB} 28. Kf2 Ke7 29. Ke3 Kd6 30. b4 f6 31. Kd4 Bc6 32. Bb3 Bd7 33. Bd1 Bb5 34. Bb3 Bf1 35. Ke3 h6 36. Kd4 e5+ 37. Ke3 Kc6 38. Ba4+ Kd5 {Hoping for ...Kc4.} 39. Bb3+ Bc4 40. Bc2 e4 41. Ba4 {White wants to play Bd7.} Bf1 42. Bb3+ Kc6 43. Ba4+ Bb5 44. Bb3 {next Be6 is good for White.} Kd6 45. Kd4 Bd7 46. Bd1 Be6 47. Ba4 a6 48. Bd1 Bd7 49. Bb3 Be8 50. Bc4 Bb5 {[#] ...Bxc4 is the strong threat.} 51. Bb3 Bd7 52. Bc4 Kc6 53. Ke3 a5 54. Kd4 Kd6 55. Bb3 Bb5 56. Bf7 Ba4 57. Bh5 Bb3 58. Be8 Ke7 59. Bb5 axb4 60. axb4 Kd6 61. Be8 Be6 62. Ba4 Bc8 63. Bb3 Ba6 64. Bf7 Bc8 65. Bb3 Bd7 66. Bd1 Kc6 67. Ba4+ Kc7 68. Bb3 Kb7 69. Bd5+ Kc7 {Accuracy: White = 87%, Black = 88%.} 1/2-1/2

[Event "AUT-ch Open 2020"]
[Site "Graz"]
[Date "2020.02.18"]
[Round "5.18"]
[White "Tomazini, Zan"]
[Black "Giannoulakis, Lampros"]
[Result "0-1"]
[WhiteElo "2266"]
[BlackElo "2266"]
[Annotator "TA"]
[PlyCount "132"]
[EventDate "2020.02.14"]
[EventType "swiss"]
[EventCountry "AUT"]
[SourceTitle "playchess.com"]
[Source "ChessBase"]
[SourceQuality "1"]

{[%evp 12,160,8,16,4,12,18,13,6,0,2,-91,-17,-27,-17,-77,-81,-68,-56,-71,-66,-64,-55,-58,-67,-80,-76,-81,-23,-28,-20,-15,-16,-80,-22,-56,28,11,22,0,50,0,91,-14,60,39,37,22,22,-29,-29,-29,-35,-16,-16,-23,0,0,0,0,7,0,0,0,0,-32,-25,-28,-28,-125,0,-12,0,0,0,-48,-28,-41,-40,-110,-97,-106,-118,-153,-91,-119,-82,-93,-78,-110,-43,-59,-14,-14,-14,-14,-14,-14,0,-26,0,-94,-53,-193,-201,-239,-200,-405,-342,-340,-334,-313,-317,-312,-229,-433,-411,-422,-389,-569,-549,-784,-765,-755,-725,-1373,-588,-536,-436,-407,-372,-650,-533,-4970,-4970,-29978,-1166,-29989,-29990,-29992,-29993,-29993,-29993,-29993,-29994,-29994,-29995,-29995,-29991,-29991,-29992]} 1. e4 e5 2. Nf3 Nc6 3. Bb5 a6 4. Ba4 Nf6 5. d3 d6 6. c4 Be7 7. Nc3 {[%cal Bb1c3,Bc3e2,Be2g3,Bg3f5][%mdl 32]} O-O {C77: Ruy Lopez: 3...a6 4 Ba4 Nf6, unusual lines.} 8. h3 Nd4 9. Nxd4 exd4 {The position is equal.} 10. Ne2 c5 {[#]} 11. g4 $146 {[#]} (11. O-O $11) ({Predecessor:} 11. O-O Rb8 12. Bc2 b5 13. b3 Ne8 14. Ng3 Bh4 15. a4 bxc4 16. bxc4 Nc7 17. Bd2 {0-1 (31) Potapov,P (2515)-Bocharov,I (2563) Sochi 2018}) 11... Ne8 (11... b5 $1 $17 {[%mdl 512]} 12. Bb3 (12. cxb5 axb5) 12... bxc4 13. Bxc4 d5 14. exd5 Nxd5) 12. Ng3 Nc7 13. Rg1 (13. O-O $11) 13... b5 $17 14. Bc2 Re8 15. Nf5 bxc4 16. dxc4 Bb7 17. Kf1 Bf8 18. Qf3 Qd7 19. Ng3 Re6 (19... Bc6 $17) 20. Bd2 $11 Rae8 21. Re1 g6 22. h4 {[#]} (22. b3 $11) 22... Bg7 (22... d5 $1 $17 {[%cal Rd5c4][%mdl 512]} 23. Qb3 (23. cxd5 Nxd5) 23... Ba8) 23. h5 {[#]} Kh8 ({Black should try} 23... d5 $1 $15 {[%mdl 512]} 24. cxd5 Nxd5) 24. Rh1 Be5 25. Ne2 Kg8 26. Qh3 Bc6 (26... g5 $11) 27. Bd3 (27. b3 $16) 27... Bh8 (27... g5 $11) 28. Nf4 g5 29. Nxe6 Nxe6 30. f4 (30. b3 $142) 30... Nxf4 31. Bxf4 gxf4 32. Qf3 Be5 33. g5 Qe6 34. Re2 Kg7 35. Rg2 Rh8 36. Rh4 Bd7 37. Be2 Kf8 38. Qa3 Bc6 {[%mdl 1024] Black has compensation.} 39. Qd3 Rg8 40. Rh1 {[#]} (40. Bg4 $11 {keeps the balance.} Qe7 41. Bf5) 40... Qe7 (40... Bf6 $1 $17 {[%mdl 512]} 41. Bf3 (41. gxf6 Rxg2) 41... Rxg5 42. Rxg5 Bxg5) 41. Rhg1 Qb7 $36 {[%mdl 2048] Black has the initiative.} 42. Bf3 Ke7 43. Re2 a5 44. Rgg2 Qb4 45. Re1 ({Better is} 45. Rc2 $15) 45... Bd7 $1 $17 {[%cal Rd7h3] Hoping for ...Bh3.} 46. a3 Qb7 {...Bh3 is the strong threat.} 47. Bd1 Qc8 (47... a4 $142 48. Kg1 Rb8) 48. Rg1 Bh3+ 49. Kf2 Be6 50. Be2 Qb7 (50... Kf8 $17 51. Rg2 Qd8) 51. Rb1 Rb8 52. b3 Rg8 53. Rg2 Bd7 54. Bf3 Bc6 55. Rh1 Rg7 56. Rh4 {[#]} (56. Rb1 $11 {remains equal.}) 56... a4 $1 57. bxa4 (57. Rh1 $1 $15) 57... Qb2+ $19 ({But not} 57... Bxa4 58. Ke1 $17) 58. Be2 Bxa4 {Threatens to win with ...Bc2.} 59. Kg1 $2 (59. Rh3) 59... Qc1+ 60. Bf1 Qe3+ 61. Qxe3 dxe3 ({Resist} 61... fxe3 62. Bd3 $19) 62. Be2 Rg8 63. g6 $2 (63. Rgg4) 63... fxg6 64. hxg6 hxg6 65. Rh7+ (65. Rgg4 {was necessary.}) 65... Kf6 66. Ra7 Rb8 {Played: Ba4-c6} 0-1

[Event "AUT-ch Open 2020"]
[Site "Graz"]
[Date "2020.02.18"]
[Round "5.18"]
[White "Horvath, Reka"]
[Black "Neuschmied, Siegfried"]
[Result "1-0"]
[WhiteElo "2018"]
[BlackElo "2268"]
[Annotator "TA"]
[PlyCount "113"]
[EventDate "2020.02.14"]
[EventType "swiss"]
[EventCountry "AUT"]
[SourceTitle "playchess.com"]
[Source "ChessBase"]
[SourceQuality "1"]

{[%evp 11,113,12,16,10,29,0,0,0,0,-17,12,0,4,0,0,8,8,-29,-24,-27,0,0,0,-49,-41,-95,-88,-61,0,-15,0,-101,0,0,0,0,153,115,129,124,85,-64,-60,-62,-60,-64,-66,-66,0,0,0,0,0,0,0,0,0,0,0,0,7,2,185,51,197,199,159,183,175,0,0,0,0,0,0,0,0,0,0,0,0,0,0,0,0,0,0,0,0,0,0,0,0,0,0,0,0,0,0,0,29985,29986,29986,29987]} 1. e4 e5 2. Nf3 Nc6 3. Bc4 Bc5 4. c3 Nf6 5. d3 d6 6. Bb3 a6 7. Bg5 {C54: Giuoco Piano: 4 c3 Nf6, main lines with 5 d4 and 5 d3.} Be6 8. Nbd2 h6 {[#]} 9. Bh4 $146 {The position is equal.} ({Predecessor:} 9. Be3 Bg4 10. Bxc5 dxc5 11. Bc2 b5 12. Nf1 O-O 13. Ne3 Be6 14. O-O Rb8 15. Nd2 {1-0 (40) Alvarez,C (1417)-Castillo Beitia,A Panama 2019}) 9... g5 10. Bg3 Qe7 11. Bxe6 Qxe6 12. b4 Ba7 13. a4 O-O 14. h4 g4 15. Nh2 h5 16. O-O Ne7 17. Re1 Nd7 18. Kh1 (18. Nhf1 $15) 18... f5 19. exf5 Rxf5 (19... Nxf5 $15 20. Ne4 Rae8) 20. f3 gxf3 21. gxf3 (21. Nhxf3 $11 Qg6 22. Ng5) 21... Nd5 (21... Rf7 $1 $17 {[%cal Rf7g7]} 22. d4 Nf6) 22. Ne4 $11 Nf4 23. d4 Qc4 $2 (23... Nh3 $11) 24. Qd2 {dxe5 is the strong threat.} Raf8 25. Rg1 $1 (25. Bxf4 $6 Rxf4 26. Rg1+ (26. Qg2+ Kh8 $11) 26... Kf7 $11) 25... Kf7 26. dxe5 ({Of course not} 26. Bxf4 $6 Rxf4 27. Rad1 (27. Qg2 Ke8 $15) 27... Ke8 $11) ({White should try} 26. Rad1 $16) 26... Bxg1 $15 27. Rxg1 Nxe5 28. Bxf4 Nxf3 $1 {[%mdl 64] Double Attack} 29. Ng5+ $1 ({Not} 29. Nxf3 $2 Qxe4 30. Kh2 Qxf4+ $19) 29... Rxg5 ({Black should play} 29... Nxg5 $1 $15 30. Bxg5 Ke6) 30. Nxf3 $11 Rxg1+ 31. Kxg1 Ke8 32. Nd4 Kd7 33. a5 Kc8 34. Qe3 Kb8 35. Bg3 Rf1+ 36. Kg2 {Hoping for Bf2.} Rd1 $2 (36... Rf8 $11) 37. Qe8+ $18 Ka7 38. Bf2 $1 {[%csl Ge8][%cal Rd4c6]} c5 39. bxc5 $1 dxc5 {[#] Strongly threatening ...Qf1+.} 40. Qxh5 $2 (40. Nf3 $1 $18) 40... Qf1+ $1 $11 41. Kg3 cxd4 42. Bxd4+ {[#]} Rxd4 $1 {[%mdl 512]} 43. Qc5+ {[%mdl 64] Double Attack} (43. cxd4 Qg1+) 43... Ka8 $1 {( -> ...Qf4+)} 44. cxd4 {[%mdl 4096] Endgame KQ-KQ} Qe1+ 45. Kg4 Qe2+ 46. Kg5 {Threatens to win with Qe5.} Qe3+ 47. Kh5 {And now Qe5 would win.} Qf3+ 48. Kg6 {aiming for h5.} Qe4+ 49. Qf5 Qxh4 50. d5 Qg3+ 51. Kf6 Qc3+ 52. Qe5 Qxa5 53. d6 Qd8+ 54. Kf7 {White threatens Qe8 and mate.} Qd7+ 55. Kf8 {Intending Qe8+ and mate.} Ka7 $2 {[%mdl 8192] [#]} (55... Qh7 $11) 56. Qe3+ $1 Kb8 57. Qe8+ {[%mdl 64] Double Attack. Accuracy: White = 80%, Black = 81%.} 1-0

[Event "AUT-ch Open 2020"]
[Site "Graz"]
[Date "2020.02.18"]
[Round "5.18"]
[White "Horvath, Reka"]
[Black "Neuschmied, Siegfried"]
[Result "1/2-1/2"]
[WhiteElo "2018"]
[BlackElo "2268"]
[Annotator "TA"]
[PlyCount "82"]
[EventDate "2020.02.14"]
[EventType "swiss"]
[EventCountry "AUT"]
[SourceTitle "playchess.com"]
[Source "ChessBase"]
[SourceQuality "1"]

{[%evp 13,82,-19,-10,-12,-16,-16,-8,-37,0,0,0,-31,-38,-45,-38,-35,-35,-41,50,45,125,116,109,56,56,56,84,-6,0,0,0,0,0,0,0,0,0,-14,0,0,66,69,269,269,259,259,381,375,314,19,206,198,168,116,141,134,133,80,80,0,0,0,0,0,0,0,0,0,0,0,0]} 1. e4 g6 2. d4 Bg7 3. Nc3 d6 4. Nf3 Nf6 5. Bc4 O-O 6. h3 Nxe4 7. Nxe4 d5 {[%mdl 64] Double Attack} 8. Bd3 {B08: Pirc Defence: Classical System.} dxe4 9. Bxe4 c5 {[%cal Rc5d4]} 10. Be3 {[#]} Qb6 $146 (10... f5 $5 11. Bd3 $8 Be6 $11) ({Predecessor:} 10... f5 11. Bd3 f4 12. Bd2 cxd4 13. Ng5 Qd5 14. h4 Bf5 15. Qe2 Bxd3 16. Qxd3 Nd7 {0-1 (23) Dzugas,V (2036)-Fiacan,R (2116) Slovakia 2016}) 11. O-O Qxb2 12. Rb1 Qxa2 13. Rxb7 {Strongly threatening Rb1.} f5 14. Rb2 Qxb2 15. Bxa8 Rd8 (15... cxd4 $15 16. Bxd4 Bxd4 17. Qxd4 Qxd4 18. Nxd4 Kf7) 16. Bg5 $14 cxd4 ({Black should try} 16... Re8 $14) 17. Bxe7 $16 Re8 18. Qe2 (18. Re1 $1 $16 {And now Bd5+ would win.} Bd7 19. Bd6) 18... Qa2 $14 {[#] aiming for ...Ba6.} 19. Qb5 $1 {[%csl LRb8,LRe8][%cal Rb5e8][%mdl 512]} Bd7 20. Qc5 (20. Bd5+ $16 Kh8 21. Qc5) 20... Nc6 $36 {[%mdl 2048] Black is more active.} 21. Bxc6 Bxc6 22. Qxc6 Rxe7 23. Qc8+ Bf8 $1 24. Nxd4 Qd5 25. Nc6 Rf7 26. Re1 Kg7 (26... Qd7 $11 27. Qa8 Kg7) 27. Nd8 $1 {[%cal Rd8f7]} Bb4 $2 {[#]} (27... Rf6 $14) 28. c3 $1 $18 (28. Nxf7 Bxe1 29. Nd8 Bb4 $11) 28... Qd2 29. Rb1 Rd7 (29... Qxc3 {was necessary.} 30. Qxc3+ Bxc3) 30. Ne6+ ({And not} 30. cxb4 Rxd8 31. Qc5 Qd4 $11) 30... Kf6 {[#]} 31. Rxb4 $2 ({Stronger than} 31. cxb4 Kxe6 32. Ra1 Kf6 $11) (31. Nd4 $1 $18 Rxd4 32. cxd4 (32. cxb4 Kg5 $11)) 31... Kxe6 $2 {[%mdl 4096] Endgame KQR-KQR} (31... Qe1+ $11 {and Black is okay.} 32. Kh2 Qxe6) 32. Rd4 $1 {[%cal Rd4d2]} Qe1+ 33. Kh2 Qe5+ 34. g3 Qc7 35. Qg8+ (35. Qe8+ $142 Re7 36. Qg8+ Rf7 37. Rd2) 35... Kf6 $16 36. Rc4 (36. Qf8+ $16 Ke6 37. Qe8+ Re7 38. Qg8+ Rf7 39. Rd2) 36... Qb6 $11 {The position is equal.} 37. Qh8+ Ke6 $1 38. Qe8+ Kf6 $1 39. Qf8+ Ke6 40. Qe8+ Kf6 $1 41. Qf8+ Ke6 {Accuracy: White = 70%, Black = 61%.} 1/2-1/2

[Event "AUT-ch Open 2020"]
[Site "Graz"]
[Date "2020.02.18"]
[Round "5.19"]
[White "Shengelia, David"]
[Black "Paltrinieri, Nicholas"]
[Result "1-0"]
[WhiteElo "2557"]
[BlackElo "2557"]
[Annotator "TA"]
[PlyCount "45"]
[EventDate "2020.02.14"]
[EventType "swiss"]
[EventCountry "AUT"]
[SourceTitle "playchess.com"]
[Source "ChessBase"]
[SourceQuality "1"]

{[%evp 9,45,27,41,5,12,12,12,6,26,15,26,17,45,40,127,94,157,153,176,181,161,137,162,150,412,404,396,403,590,593,583,599,593,593,589,591,601,592]} 1. d4 e6 2. Nf3 f5 3. Bf4 Nf6 4. e3 d6 5. h3 g6 6. c4 {A80: Dutch Defence: Unusual White second moves.} Bg7 7. Nc3 O-O {7...Qe7 might become the main line.} 8. Bd3 $5 {[%mdl 4] The position is equal. Exploring less charted territory.} Qe7 {[#]} 9. Bg3 $146 ({Predecessor:} 9. O-O) 9... Nc6 10. O-O h6 11. Rc1 $36 {[%mdl 2048] White has good play.} Nd8 (11... b6 $14) 12. e4 $16 Nh5 {[#]} (12... g5 $142) 13. Bh2 $1 Nf7 14. exf5 exf5 15. Nd5 Qd8 16. Re1 Ng5 $2 (16... Bf6 $16 17. Qb3 c6) 17. Ne7+ $18 {[%mdl 64] [#] Double Attack} Kh7 18. Nh4 Rf6 (18... Bxd4 {is a better defense.} 19. Nhxg6 Ng7) 19. Nhxg6 {[%mdl 64] Remove Defender. White is clearly winning.} Rxg6 20. Qxh5 Rf6 21. h4 Ne4 22. Nxc8 Rxc8 23. f3 {Accuracy: White = 94%, Black = 51%.} 1-0